000 00827nas a2200277 4500
001 BR2011000761
003 BR-BrBNA
005 20231205114433.0
007 ta
008 230509b bl.|||p| |||| 00| 00por d
040 _aBR-BrBNA
_bpor
_cBiblioteca Nacional de Agricultura
041 _a(Pt)
072 _aF01
100 1 _aEcher, F.R.
100 1 _aCustódio, C.C.
100 1 _aHossomi, S.T.
100 1 _aDominato, J.C.
100 1 _aMachado Neto, N.B.
245 1 _aEstresse hídrico induzido por manitol em cultivares de algodão
650 _aALGODÃO
650 _aDEFICIÊNCIA HÍDRICA
650 _aPLÂNTULA
773 0 _tRevista Ciência Agronômica (Brazil)
_xISSN 0045-6888
_g(Oct-Dec 2010), v. 41(4) p. 638-645
_wBR2011000761
909 _a202311
_bLúcia
_c55
_dLúcia Elande
942 _2AGRIS
_n0
_cANA
999 _c208770
_d208770